000 00869nam a2200253 a 4500
008
020 _a0700224238
049 _aMAIN
090 _aHB539
100 1 _aMichaelsen, Jacob B.
245 1 4 _aThe term structure of interest rates :
_bfinancial intermediaries and debt management /
_cJacob B. Michaelsen.
260 _aNew York :
_bIntext Educational Publishers,
_c1973
300 _axi, 176 p. ;
_c25 cm.
440 4 _aThe Intext series in monetary economics.
504 _aIncludes bibliographical references: p. 164-168.
650 0 _aInterest rates
_xMathematical models.
650 0 _aInvestments
_xMathematical models.
650 0 _aFinancial institutions
_xInvestments.
907 _a.b10036064
_b02-07-03
_c17-04-03
003
005 20230123133316.0
040 _cNUST
942 _cBOOKS
_kHB539
999 _c146377
_d146377